000 00403nam a2200145Ia 4500
008 230711s9999||||xx |||||||||||||| ||und||
041 _aENG
082 _a5
_bHA-M
100 _aHall,Douglas V
245 0 _aMicroprocessor and interfacing : programming and hardware
250 _a2nd Ed.
260 _c1999
_aNew Delhi
_bTata McGraw Hill Education Limited
650 _aComputer Engineering
942 _cBK
999 _c3722
_d3722